000 00212 a2200097 4500
001 44296
100 _aFaires
245 _aDesign of Machine Elements
260 _aNew York
_bMacmillan
_c
090 _c28041
_d28041
942 _aNUST-CAE
_cM
_c20049
999 _c279369
_d279369